[Event "GibChess Battle of the Sexes 2022"]
[Site "Caleta"]
[Date "2022.01.26"]
[Round "3.1"]
[White "Houska, Jovanka"]
[Black "Brunello, Sabino"]
[Result "0-1"]
[WhiteElo "2365"]
[BlackElo "2492"]
[Annotator "TA"]
[PlyCount "64"]
[EventDate "2022.01.01"]
[EventType "schev"]
[EventCountry "GGB"]
[SourceTitle "playchess.com"]
[Source "ChessBase"]
[SourceQuality "1"]

{[%evp 10,64,22,0,0,5,10,0,6,0,0,0,3,0,30,29,30,18,17,13,18,25,23,16,14,20,22,16,28,29,32,10,22,0,0,0,0,0,0,-20,-12,-22,-11,-48,-45,-58,-50,-228,-222,-859,-854,-831,-821,-893,-743,-801,-732]} 1. d4 d5 2. c4 c6 3. Nc3 Nf6 4. e3 e6 5. Nf3 Nbd7 6. Be2 b6 {D45: Semi-Slav: 5 e3.} 7. O-O Bb7 8. b3 Bd6 {The position is equal.} 9. Bb2 O-O 10. Bd3 Qe7 11. Re1 Ba3 12. Bxa3 Qxa3 {[#]} 13. Rc1 $146 ({Predecessor:} 13. e4 dxe4 14. Nxe4 Rfd8 15. Qc2 c5 16. d5 Nxe4 17. Bxe4 Nf6 18. Ng5 exd5 19. Bxh7+ {1-0 (30) Jelen,I (2338)-Brcar,A (2137) Ljubljana 2021}) 13... Rad8 14. Qc2 h6 15. cxd5 exd5 16. Nh4 Rfe8 17. Ne2 {[%cal Bc3e2,Be2g3,Bg3f5][%mdl 32]} Nf8 {[%cal Bd7f8,Bf8e6,Be6f4][%mdl 32]} 18. h3 Ne6 19. Nf3 c5 20. Ng3 Rc8 {[#] And now ...cxd4 would win.} 21. Qb1 (21. dxc5 {is interesting.} Nxc5 22. Bf5 Nd3 23. Bxc8 Nxe1 24. Rxe1 Rxc8 25. Qb1) 21... cxd4 22. Rxc8 Rxc8 23. exd4 Nf4 24. Nf5 Rc3 25. Ne5 Bc8 $36 {[%cal Bb7c8,Bc8f5,Bf5e4][%mdl 2080] Black fights for an advantage.} 26. Bf1 Ne4 27. Nc4 Rxc4 {Dancing on a razor blade.} 28. bxc4 {This move loses the game for White.} (28. Nxh6+ $1 $15 gxh6 29. bxc4) 28... Bxf5 $19 29. Qb5 $2 (29. Qc1 Qd6 30. Qe3) 29... Qxa2 {Black is clearly winning.} 30. Rxe4 Bxe4 31. c5 Qb1 {[#] aiming for ...Qe1.} 32. cxb6 Qxb5 {Weighted Error Value: White=0.51/Black=0.11 (very precise)} 0-1

[Event "GibChess Battle of the Sexes 2022"]
[Site "Caleta"]
[Date "2022.01.26"]
[Round "3.2"]
[White "Cramling, Pia"]
[Black "Haria, Ravi"]
[Result "1/2-1/2"]
[WhiteElo "2452"]
[BlackElo "2490"]
[Annotator "TA"]
[PlyCount "88"]
[EventDate "2022.01.01"]
[EventType "schev"]
[EventCountry "GGB"]
[SourceTitle "playchess.com"]
[Source "ChessBase"]
[SourceQuality "1"]

{[%evp 11,88,16,22,14,19,0,7,0,0,0,0,0,0,0,0,0,8,0,0,-6,-7,-33,-16,-14,0,-10,0,0,7,-25,0,-33,-26,-21,0,0,0,-23,-22,-22,-26,-22,-31,-45,-39,-45,-26,-72,-71,-134,-135,-124,-126,-127,-119,-101,-120,-122,-111,-106,-5,-4,0,0,0,0,0,-3,-8,-4,0,0,0,0,0,0,0,0,0]} 1. Nf3 Nf6 2. c4 e6 3. d4 d5 4. Nc3 Bb4 5. Qa4+ Nc6 6. e3 O-O 7. Qc2 {D38: Queen's Gambit Declined: Ragozin Defence (4 Nf3 Bb4).} b6 8. Bd2 Bb7 9. cxd5 exd5 10. Bd3 Re8 11. O-O a6 12. a3 Bd6 13. b4 Nb8 {[#]} 14. Ne2 $146 ({Predecessor:} 14. b5 a5 15. a4 Nbd7 16. Bc1 Qe7 17. Qb3 Ne4 18. Nxd5 Qe6 19. Bc4 Qg6 20. Ba3 {1-0 (31) Chatalbashev,B (2552)-Docx,S (2427) Ghent 2017}) 14... Nbd7 15. Ng3 g6 16. Bc3 Qe7 17. Rfc1 c6 18. Nd2 h5 19. Ngf1 Ne4 20. Bb2 h4 {[%cal Oh4h3]} 21. f3 Nxd2 22. Qxd2 Nf6 {[%cal Oh4h3,Bd7f6,Bf6h5,Bh5g7,Bg7e6][%mdl 32] To avoid e4} 23. Re1 Nh5 24. e4 Bf4 25. Qf2 Qg5 26. e5 a5 27. Bc3 axb4 28. axb4 Ng7 29. Rxa8 (29. Kh1 $11) 29... Rxa8 $17 30. Ra1 ({White should play} 30. Kh1) 30... Rxa1 31. Bxa1 Ne6 32. g3 c5 33. bxc5 bxc5 34. Kh1 hxg3 35. hxg3 Qh6+ ({Don't take} 35... cxd4 36. gxf4 Qxf4 37. Bb2 $16) ({Better is} 35... Bc1 $17 36. f4 Qg4) 36. Qh2 $1 $11 {The position is equal.} Qxh2+ 37. Kxh2 Bc1 38. dxc5 Nxc5 39. Be2 Nb3 40. Bc3 d4 41. Bb4 Na1 42. Kg1 Nc2 43. Bd2 Bb2 44. Bd3 Ne3 {Weighted Error Value: White=0.08 (flawless) /Black=0.10 (very precise)} 1/2-1/2

[Event "GibChess Battle of the Sexes 2022"]
[Site "Caleta"]
[Date "2022.01.26"]
[Round "3.3"]
[White "Abdumalik, Zhansaya"]
[Black "Bellahcene, Bilel"]
[Result "0-1"]
[WhiteElo "2491"]
[BlackElo "2512"]
[Annotator "TA"]
[PlyCount "82"]
[EventDate "2022.01.01"]
[EventType "schev"]
[EventCountry "GGB"]
[SourceTitle "playchess.com"]
[Source "ChessBase"]
[SourceQuality "1"]

{[%evp 12,82,10,0,16,10,10,-14,0,0,0,0,14,-64,-45,-42,0,-47,-36,-49,-41,-48,-33,-77,-56,-92,-70,-72,-62,-83,-96,-75,-66,-74,-33,-142,-150,-145,-143,-154,-138,-170,-75,-78,0,-151,-140,-147,-152,-142,-139,-243,-20,-403,-430,-425,-366,-462,-470,-515,-520,-704,-710,-700,-681,-1035,-1185,-1197,-1090,-1209,-1194,-1137,-1037]} 1. e4 e6 2. d4 d5 3. Nc3 Bb4 4. e5 c5 5. a3 Bxc3+ 6. bxc3 Nc6 7. a4 Qa5 {C18: French: 3 Nc3 Bb4: Main line: 7 h4 and 7 Qg4.} 8. Bd2 Nge7 9. h4 Bd7 {[#] The position is equal.} (9... cxd4 10. cxd4 Qc7 11. Nf3 $14) 10. Qg4 $146 ({Predecessor:} 10. Nf3 Qc7 11. h5 h6 12. Bd3 O-O-O 13. Rh4 c4 14. Be2 Rdf8 15. Rg4 Rhg8 16. Kf1 Nf5 17. a5 Nxa5 18. Bc1 {0-1 (51) Niemann,H (2466)-Xu,G (2207) Chess.com INT 2019}) 10... O-O-O 11. Nf3 f6 12. Qxg7 (12. Bb5 $11) 12... Nf5 (12... Rhg8 $5 {[%cal Rg8g7]} 13. Qh6 (13. Qxf6 Rdf8 $17) (13. Qxh7 Nf5 $11) 13... fxe5 14. Nxe5 (14. dxe5 c4 $11) 14... Nxe5 15. dxe5 Qc7 $15) 13. Qg4 fxe5 (13... Qc7 $15) 14. dxe5 (14. Nxe5 $11 Nxe5 15. dxe5) 14... Qc7 $15 15. Qf4 Rdf8 {[%cal Of5d4][%mdl 1024] [#] ...Nfd4! is the strong threat. Black has compensation.} 16. Qh2 $1 Be8 17. h5 (17. Ng5 $1 $15 Ng7 18. f4) 17... Rhg8 $17 18. Ng5 Qe7 19. Nf3 Rg4 20. Be2 Rfg8 21. g3 Qc7 (21... Re4 $6 22. Kd1 $15) 22. Kd1 Qa5 (22... d4 $17 {Threatens to win with ...dxc3.} 23. c4 Nxe5) 23. Ne1 (23. Kc1 $15) 23... Rxa4 {Black is much more active. White has bad knights.} 24. Rxa4 Qxa4 25. g4 Nfe7 26. Qg3 d4 (26... Qa1+ $19 {has better winning chances.} 27. Bc1 a5) 27. c4 b5 (27... Qa1+ $17 28. Bc1 d3 29. Bxd3 Nxe5) 28. Rh3 $2 (28. Qd3 $1 $11) 28... bxc4 {[%cal Bb5c4,Bc4c3][%mdl 32]} 29. Qa3 {Inhibits Qa1+.} Qxa3 (29... Nxe5 $2 30. Qxc5+ N7c6 31. Ra3 $18) 30. Rxa3 Nd5 ({Much worse is} 30... Nxe5 $6 31. Rxa7 N5c6 32. Ra4 $11) 31. f4 (31. Bxc4 $17 {was necessary.} Rxg4 32. h6) 31... Kb7 $2 ({Better is} 31... c3 $19 32. Bc1 Kb7) 32. g5 $2 {[%mdl 8192] [#] This move loses the game for White.} (32. Bxc4 $11 Rxg4 33. Nd3) 32... c3 $1 $19 33. Bc1 Ncb4 34. Bg4 Rf8 {Black is clearly winning.} 35. Ng2 Bc6 36. g6 hxg6 ({And not} 36... Nxc2 37. Kxc2 Nb4+ 38. Kd1 Bxg2 39. g7 $17) 37. hxg6 Ne7 38. Nh4 Rh8 39. Nf3 Nxg6 {aiming for ...Rh1+.} 40. Rb3 Rh1+ 41. Ne1 Rg1 {Weighted Error Value: White=0.59/Black=0.23 (precise)} 0-1

[Event "GibChess Battle of the Sexes 2022"]
[Site "Caleta"]
[Date "2022.01.26"]
[Round "3.4"]
[White "Sukandar, Irine Kharisma"]
[Black "Aziz, Husain"]
[Result "1/2-1/2"]
[WhiteElo "2407"]
[BlackElo "2357"]
[Annotator "TA"]
[PlyCount "67"]
[EventDate "2022.01.01"]
[EventType "schev"]
[EventCountry "GGB"]
[SourceTitle "playchess.com"]
[Source "ChessBase"]
[SourceQuality "1"]

{[%evp 12,67,0,0,0,0,1,0,0,0,15,0,0,0,0,0,0,-9,6,8,14,17,11,0,0,0,0,0,0,0,0,0,0,0,0,0,4,6,10,0,0,0,0,-41,0,0,0,0,0,0,0,0,0,0,0,0,0,0]} 1. e4 e5 2. Nf3 Nc6 3. Bb5 Nf6 4. O-O Nxe4 5. d4 Nd6 6. dxe5 Nxb5 7. a4 Nbd4 {C67: Ruy Lopez: Berlin Defence: 4 0-0 Nxe4.} 8. Nxd4 d5 9. c3 Be7 10. f4 f6 11. Be3 O-O 12. Nxc6 bxc6 13. Nd2 fxe5 14. fxe5 Bf5 15. Nb3 Qe8 {[#]} 16. Nd4 $146 ({Predecessor:} 16. Nc5 Qg6 17. Qe1 a5 18. b4 h5 19. Qg3 Qxg3 20. hxg3 g6 21. Rf2 Rfe8 22. Re2 Bg4 23. Ree1 Bf5 24. Re2 Bg4 25. Ree1 Bf5 26. Re2 {½-½ (26) Lagno,K (2559)-Injac,T (2370) Krasnaya Polyana 2021}) 16... Qg6 17. Nxf5 Rxf5 18. Qd4 Rxf1+ 19. Rxf1 a5 20. h3 Qe6 21. c4 h6 22. Rc1 Rd8 23. Bf4 Rb8 24. Bd2 {Prevents Rb4.} Bb4 25. Be3 Rd8 26. Bf4 Rd7 27. Kh1 (27. Qd3 $11 {is superior.}) 27... Rf7 (27... c5 $1 $15 28. Qd3 (28. cxd5 Qxh3+ 29. gxh3 cxd4 $17) 28... dxc4) 28. Bg3 $11 {The position is equal.} Rd7 29. Rd1 {[%cal Bc1d1,Bd1d3,Bd3f3][%mdl 32]} Kh7 30. Kh2 Kg8 31. Rd3 Qf5 32. Rf3 Qe6 33. Rd3 Qf5 34. Rf3 {An interesting draw.  Weighted Error Value: White=0.03 (flawless) /Black=0.03 (flawless)} 1/2-1/2

[Event "GibChess Battle of the Sexes 2022"]
[Site "Caleta"]
[Date "2022.01.26"]
[Round "3.5"]
[White "Girya, Olga"]
[Black "Csonka, Balazs"]
[Result "1/2-1/2"]
[WhiteElo "2416"]
[BlackElo "2480"]
[Annotator "TA"]
[PlyCount "39"]
[EventDate "2022.01.01"]
[EventType "schev"]
[EventCountry "GGB"]
[SourceTitle "playchess.com"]
[Source "ChessBase"]
[SourceQuality "1"]

{[%evp 17,39,39,15,27,26,23,31,39,49,32,34,37,42,31,35,38,51,16,27,45,51,41,31,0]} 1. d4 d5 2. c4 dxc4 3. e3 Nf6 4. Bxc4 e6 5. Nf3 a6 6. O-O b5 7. Bd3 Bb7 8. a4 b4 9. Qe2 c5 10. Rd1 {D28: Queen's Gambit Accepted: Classical main line: 7 Qe2 with early ...Nc6.} Nbd7 11. Nbd2 Be7 12. Nc4 O-O 13. e4 {[%cal Be3e4,Be4e5][%mdl 32]} cxd4 14. Nxd4 Nc5 {[%csl LRd4,LRe4]} 15. Bc2 {[%cal Od4e6] And now Nxe6! would win.} Qc7 {[%cal Rc5e4]} 16. e5 Nd5 {[#]} 17. Qg4 $146 ({But not} 17. Qh5 g6 18. Qe2 Rfd8 $11) ({Predecessor:} 17. Bd2 a5 18. Qg4 f5 19. Qg3 Qd8 20. Rac1 Rc8 21. Nd6 Bxd6 22. exd6 Qf6 23. Bg5 {½-½ (119) Kulick,N (2439)-Hrubcik,M (2425) ICCF email 2019}) 17... Rfc8 18. Bh6 {[%csl Gh6][%cal Rg4g7] [#]} g6 19. Qg3 b3 20. Bb1 {Weighted Error Value: White=0.03 (flawless) /Black=0.03 (flawless)} 1/2-1/2

[Event "GibChess Battle of the Sexes 2022"]
[Site "Caleta"]
[Date "2022.01.26"]
[Round "3.6"]
[White "Muzychuk, Mariya"]
[Black "Cheng, Bobby"]
[Result "1/2-1/2"]
[WhiteElo "2539"]
[BlackElo "2550"]
[Annotator "TA"]
[PlyCount "104"]
[EventDate "2022.01.01"]
[EventType "schev"]
[EventCountry "GGB"]
[SourceTitle "playchess.com"]
[Source "ChessBase"]
[SourceQuality "1"]

{[%evp 9,104,11,16,8,24,24,16,0,12,20,21,0,-9,-11,-23,-25,-10,-33,-27,-32,-28,-17,0,13,0,0,22,26,18,24,31,26,22,29,61,58,78,75,113,109,107,100,106,104,105,53,50,30,41,33,31,0,19,19,16,12,17,12,12,12,13,13,13,14,35,29,52,33,33,8,11,11,12,12,14,4,19,0,0,0,0,0,0,0,0,0,0,0,0,0,0,0,0,0,0,0,0]} 1. e4 c5 2. Nf3 d6 3. Bb5+ Nd7 4. O-O a6 5. Bd3 Ngf6 6. c3 {B51: Sicilian: Moscow Variation (3 Bb5+) without 3...Bd7.} e6 7. Re1 b5 8. Bc2 Bb7 9. d4 Be7 10. Bg5 h6 11. Bh4 {[#]} g5 $146 ({Predecessor:} 11... O-O 12. Nbd2 Rc8 13. Nf1 Qc7 14. Rc1 Rfd8 15. h3 Nf8 16. Qe2 Ng6 17. Bg3 e5 {0-1 (27) Rahn,M (1179)-Peroza,E (1830) Sao Bento do Sul 2020}) 12. Bg3 Nh5 13. dxc5 dxc5 ({Don't play} 13... Nxg3 14. cxd6 Bf6 15. hxg3 $16) 14. Bd6 $1 Bxd6 (14... g4 {keeps more tension.} 15. Ne5 Nxe5 16. Bxe5 Rg8 17. a4 Rg5) 15. Qxd6 Qb6 16. Qxb6 Nxb6 17. Nbd2 {[%cal Bb1d2,Bd2b3,Bb3a5][%mdl 32]} Rd8 18. Nb3 Na4 19. Na5 {[#] And now Bxa4 would win.} Ba8 20. Bxa4 bxa4 21. Ne5 O-O 22. f3 a3 23. bxa3 {Rad1 is the strong threat.} Nf4 24. Rad1 {Inhibits Rd2. aiming for Nd7.} Ne2+ 25. Kf2 Nxc3 26. Rc1 Na4 27. Rc4 {White is more active.} (27. Red1 $16) 27... Rd4 $14 {To avoid Nd7} 28. Rxd4 cxd4 29. Rd1 Rd8 30. Nec6 Bxc6 31. Nxc6 Rd6 {[#]} 32. Rxd4 $1 Rxc6 33. Rxa4 $11 {[%mdl 4096] Endgame KR-KR} Kg7 34. Kg3 Kg6 35. Ra5 f6 36. h4 Rb6 37. Rc5 Rd6 38. hxg5 hxg5 39. Ra5 Rc6 {The position is equal.} 40. Kg4 Rd6 41. Rc5 Rd2 42. g3 {next Rc6 is good for White.} Rd6 {Prevents Rc6.} 43. f4 Rd4 44. Ra5 Rxe4 {Hoping for ...gxf4.} 45. Kf3 ({Of course not} 45. Rxa6 gxf4 46. gxf4 e5 $17) 45... f5 46. fxg5 Kxg5 47. Rxa6 Kf6 48. a4 Rc4 49. a5 Rc3+ 50. Kg2 Rc2+ 51. Kf3 Rxa2 52. Ra8 Ra3+ {Weighted Error Value: White=0.06 (flawless) /Black=0.06 (flawless)} 1/2-1/2

[Event "GibChess Battle of the Sexes 2022"]
[Site "Caleta"]
[Date "2022.01.26"]
[Round "3.7"]
[White "Batsiashvili, Nino"]
[Black "Rosen, Eric"]
[Result "0-1"]
[WhiteElo "2491"]
[BlackElo "2356"]
[Annotator "TA"]
[PlyCount "82"]
[EventDate "2022.01.01"]
[EventType "schev"]
[EventCountry "GGB"]
[SourceTitle "playchess.com"]
[Source "ChessBase"]
[SourceQuality "1"]

{[%evp 19,82,5,8,-7,12,0,-6,-22,-24,-41,0,-29,0,0,0,-21,-31,-38,-30,-30,-23,-61,-56,-46,-25,-45,-44,-141,-71,-89,-58,-40,-33,-54,-44,-299,-309,-292,-146,-404,-380,-401,-356,-497,-492,-578,-567,-688,-677,-721,-705,-674,-475,-668,-665,-916,-910,-882,-762,-875,-749,-785,-762,-914,-914]} 1. d4 Nf6 2. c4 e6 3. Nc3 Bb4 4. Nf3 b6 5. e3 Bb7 6. Bd3 O-O 7. O-O d5 8. cxd5 exd5 9. Ne5 Nbd7 {9...Bd6 might become the main line.} 10. f4 c5 11. Qf3 {E52: Nimzo-Indian: Rubinstein: 4...0-0 5 Nf3 d5 6 Bd3 b6.} Re8 12. Qh3 Nf8 {[#]} 13. Bb5 $146 {The position is equal.} ({Predecessor:} 13. Bd2 Rc8 14. a3 Bxc3 15. Bxc3 c4 16. Bc2 Ne4 17. Bxe4 dxe4 18. d5 f6 19. Ng4 {½-½ (59) Cherepkov,A-Kholmov,R Almaty 1969}) 13... Re7 14. Bd2 a6 (14... Rc8 $15) 15. Ba4 b5 16. Bc2 Rc8 17. Be1 Bxc3 18. bxc3 ({Of course not} 18. Bxc3 cxd4 19. exd4 b4 20. Bxb4 Rxc2 $17) 18... cxd4 19. exd4 Ne4 {[%cal Ob5b4]} 20. Rd1 f6 21. Ng4 Qc7 {[%cal Re4c3]} 22. Rc1 Kh8 {[%cal Re4c3]} 23. Bb3 {[#]} (23. Bxe4 $15 Rxe4 24. Nf2) 23... a5 {Black is more active.} ({Better is} 23... Ne6 $1 {[%cal Re6d4] aiming for ...Nxd4!} 24. Qe3 h5) 24. Ne3 $17 Rd8 {[%cal Ob5b4]} 25. Qf3 b4 {[%cal Rb4c3]} 26. Nf5 Ree8 27. Rc2 $2 {[%mdl 8192]} ({White should try} 27. Ba4 $15) 27... Qd7 $19 {Threatens to win with ...a4.} 28. Qg4 {[%cal Ob3a4]} Nd6 (28... Ne6 $19 29. Rc1 Ba6) 29. Nxd6 $4 {[%mdl 8192] Loses the game.} (29. Ba4 $17 Qxf5 30. Qxf5 Nxf5 31. Bxe8 Rxe8 32. Bd2) 29... Qxg4 30. Nxb7 Rb8 31. Nxa5 bxc3 {Black is clearly winning.} 32. Rxc3 Ne6 {[%csl LRd4,LRf4]} 33. Rg3 Qf5 34. Nc6 Rbc8 35. Ba4 Qe4 36. Bf2 (36. Bb5 $142 Nxf4 37. Rgf3 Ne2+ 38. Kh1) 36... Nxf4 37. Rf3 g5 {[%cal Of4g2] White must now prevent ...Nxg2!} 38. h3 Ra8 39. Bb5 Rxa2 {Strongly threatening ...Rea8.} 40. Nb4 {[#]} Rxf2 $1 41. R3xf2 (41. R1xf2 Rb8) 41... Rb8 {Weighted Error Value: White=0.81/Black=0.25 (precise)} 0-1

[Event "GibChess Battle of the Sexes 2022"]
[Site "Caleta"]
[Date "2022.01.26"]
[Round "3.9"]
[White "Sebag, Marie"]
[Black "Gallagher, Joseph G."]
[Result "1/2-1/2"]
[WhiteElo "2460"]
[BlackElo "2447"]
[Annotator "TA"]
[PlyCount "46"]
[EventDate "2022.01.01"]
[EventType "schev"]
[EventCountry "GGB"]
[SourceTitle "playchess.com"]
[Source "ChessBase"]
[SourceQuality "1"]

{[%evp 21,31,25,18,16,25,16,23,15,28,32,33,19]} 1. e4 c5 2. Nf3 d6 3. Bb5+ Bd7 4. Bxd7+ Qxd7 5. c4 Nf6 6. Nc3 g6 7. d4 cxd4 8. Nxd4 Bg7 9. f3 O-O 10. Be3 Nc6 11. O-O a6 12. Qd3 {B52: Sicilian: Moscow Variation with 3...Bd7.} Rfc8 $1 {[%mdl 4] is recently more successful than 12...Ne5.} 13. b3 $1 b5 14. cxb5 Ne5 15. Qd2 d5 $1 16. Nc6 {[#] White took control after the opening.  Weighted Error Value: White=0.01 (flawless) /Black=0.01 (flawless)} {Predecessor:} Nxc6 $146 17. bxc6 Rxc6 18. e5 Ne8 19. f4 e6 20. Ne2 Bf8 21. Nd4 Rc7 22. Rac1 Rac8 23. Rxc7 Rxc7 {½-½ (58) Esipenko,A (2592)-Grandelius,N (2651) Riga 2021} 1/2-1/2

[Event "GibChess Battle of the Sexes 2022"]
[Site "Caleta"]
[Date "2022.01.26"]
[Round "3.10"]
[White "Mammadzada, Gunay"]
[Black "Krysa, Leandro"]
[Result "0-1"]
[WhiteElo "2470"]
[BlackElo "2516"]
[Annotator "TA"]
[PlyCount "78"]
[EventDate "2022.01.01"]
[EventType "schev"]
[EventCountry "GGB"]
[SourceTitle "playchess.com"]
[Source "ChessBase"]
[SourceQuality "1"]

{[%evp 14,78,31,39,31,33,46,34,21,23,25,16,25,10,22,7,0,0,0,0,-3,-64,-87,-97,-71,-90,-97,-105,-22,-149,-145,-229,-211,-295,-293,-298,-293,-282,-297,-302,-310,-326,-345,-431,-435,-412,-362,-418,-313,-318,-274,-318,-306,-319,-325,-318,-308,-383,-381,-376,-368,-12833,-12834,-12833,-12829,-6295,-1952]} 1. e4 c6 2. d4 d5 3. Nc3 dxe4 4. Nxe4 Nf6 5. Nxf6+ exf6 6. c3 Bd6 7. Bd3 O-O 8. Qc2 Re8+ {B15: Caro-Kann: 3 Nc3: 3...g6 and 3...dxe4 4 Nxe4 Nf6 5 Nxf6+ exf6.} 9. Ne2 h5 10. Be3 Nd7 {White is slightly better.} 11. O-O-O Nf8 12. c4 Be6 13. Kb1 Rc8 {[%cal Ob7b5]} 14. a3 Ng6 {[#]} 15. h3 $146 {[%cal Og2g4]} ({Predecessor:} 15. Nc3 Nf4 16. Bf1 Qa5 17. Qd2 Ng6 18. Be2 c5 19. Nb5 Qxd2 20. Rxd2 Bf4 21. Nxa7 {½-½ (74) Milov,L (2450)-Deuer,M (2282) Heusenstamm 2021}) 15... h4 16. f4 f5 {[%cal Ob7b5]} 17. Bc1 ({White should play} 17. Rhe1 $11) 17... b5 $1 $15 {Black is more active.} 18. c5 Bc7 19. Nc3 {[%cal Od4d5] [#]} Ne7 {Prevents d5.} (19... Nxf4 20. Bxf4 Bxf4 21. Bxf5 $11) (19... Qxd4 $6 20. Bxf5 Bxf5 21. Qxf5 $11) (19... Bxf4 20. d5 cxd5 21. Nxb5 $14) 20. Rhe1 {[%cal Od4d5] [#]} Qd7 {To avoid d5} (20... Rb8 $1 $17 {Hoping for ...b4.} 21. d5 Nxd5 22. Bxf5 Nxc3+ 23. bxc3 Qf6 24. Bxe6 Rxe6) 21. Qf2 {White is now going downhill.} (21. d5 $1 $11 Nxd5 22. Nxd5 cxd5 23. c6) 21... a5 $17 22. Na2 {To avoid b4} (22. Bc2 $17) 22... b4 $19 ({Inferior is} 22... Qd5 23. Nc3 Qd7 24. Bc2 $17 (24. Qxh4 b4 $17)) 23. a4 Bb3 {...Qd5 is the strong threat.} ({Don't blunder} 23... Qd5 $2 24. Rxe6 Qxe6 25. Qxh4 $19) 24. Bc2 Bxc2+ 25. Kxc2 Qd5 26. Kb1 Ng6 27. Bd2 Re4 28. Rxe4 Qxe4+ 29. Ka1 Qc2 30. Qf3 Qxa4 31. Kb1 Ne7 {[%cal Bg6e7,Be7d5,Bd5c3][%mdl 32]} 32. Nc1 Nd5 33. g4 hxg3 34. Rg1 Bd8 {Threatens to win with ...Bh4.} 35. Qd3 Bf6 {[%cal Od5c3] White must now prevent ...Nc3+!} 36. Qxf5 Rb8 {[%cal Od5c3] Strongly threatening ...Nc3+!} 37. Qd3 {[#] To avoid Nc3+} (37. Qc2 Qxc2+ 38. Kxc2) 37... Nc3+ $1 {[%mdl 512] Black is clearly winning.} 38. Bxc3 bxc3 {[%csl Gc3][%cal Rb8b2]} 39. Rg2 cxb2 {Weighted Error Value: White=0.40/Black=0.11 (very precise)} (39... Rxb2+ $142 40. Rxb2 cxb2 41. Kxb2 Bxd4+ 42. Kb1 Qb4+ 43. Kc2 g2) 0-1

[Event "GibChess Battle of the Sexes 2022"]
[Site "Caleta"]
[Date "2022.01.27"]
[Round "4.1"]
[White "Csonka, Balazs"]
[Black "Muzychuk, Mariya"]
[Result "1/2-1/2"]
[WhiteElo "2480"]
[BlackElo "2539"]
[Annotator "TA"]
[PlyCount "41"]
[EventDate "2022.01.01"]
[EventType "schev"]
[EventCountry "GGB"]
[SourceTitle "playchess.com"]
[Source "ChessBase"]
[SourceQuality "1"]

{[%evp 10,27,31,10,15,18,13,19,14,20,17,18,31,12,25,27,18,13,21,21]} 1. e4 c6 2. Nc3 d5 3. Nf3 Bg4 4. h3 Bxf3 5. Qxf3 e6 6. Be2 Bc5 {B11: Caro-Kann: Two Knights Variation.} 7. O-O Ne7 8. Na4 Bd6 9. d4 dxe4 10. Qxe4 Nd7 {Prevents Nc5.} 11. Rd1 Qa5 {[#] White must now prevent ...Nf6.} 12. Nc3 Nf6 13. Qf3 Qf5 14. Qxf5 {[#] A rather calm draw.  Weighted Error Value: White=0.06 (flawless) /Black=0.03 (flawless)} {Predecessor:} Nxf5 $146 15. g3 h6 16. Bf3 Rd8 17. Ne4 Be7 18. c3 O-O 19. h4 Rd7 20. b4 Nxe4 21. Bxe4 {½-½ (27) Wachinger,N (2347)-Sai Agni,J (2319) Novi Sad 2021} 1/2-1/2

[Event "GibChess Battle of the Sexes 2022"]
[Site "Caleta"]
[Date "2022.01.27"]
[Round "4.2"]
[White "Krysa, Leandro"]
[Black "Abdumalik, Zhansaya"]
[Result "1/2-1/2"]
[WhiteElo "2516"]
[BlackElo "2491"]
[Annotator "TA"]
[PlyCount "48"]
[EventDate "2022.01.01"]
[EventType "schev"]
[EventCountry "GGB"]
[SourceTitle "playchess.com"]
[Source "ChessBase"]
[SourceQuality "1"]

{[%evp 9,48,-1,31,28,57,68,75,70,108,54,66,44,66,38,43,49,85,65,62,76,55,64,69,34,141,121,149,111,96,-11,-17,-20,-13,-18,-22,-36,-8,-12,-12,-38,-33]} 1. d4 Nf6 2. c4 g6 3. Nc3 d5 4. Nf3 Bg7 5. h4 h5 6. Bg5 {D90: Grünfeld: 4 Nf3 Bg7 sidelines.} c5 7. dxc5 {[%cal Rc4d5]} Qa5 8. cxd5 {[#] White is better.} Nbd7 $146 {[%cal Of6d5]} ({Predecessor:} 8... O-O 9. Rc1 Nbd7 10. Qa4 Qxc5 11. e4 Ng4 12. Nd1 Qd6 13. Qa3 Ndf6 14. Bd3 Bd7 15. Qxd6 exd6 {1-0 (67) Egresi,M (2341)-Szalanczy,E (2126) Ajka 2019}) 9. Qd2 ({White should play} 9. Qd4 $16) 9... Nxc5 $14 {[%cal Oc5b3] [#] White must now prevent ...Nb3!} 10. Rc1 {[%cal Oe2e4]} O-O 11. e3 (11. e4 $5) 11... Rd8 12. Bc4 $1 a6 13. a3 b5 14. Ba2 {And now b4 would win.} b4 15. axb4 Qxb4 16. O-O {Threatens to win with Ne5.} Bb7 {[#]} ({Better is} 16... a5 $1 $14) 17. Rfd1 $1 $16 Rac8 18. Nd4 {To avoid Nb3} a5 19. Ncb5 (19. f3 $16) 19... Qxd2 $11 20. Rxd2 {aiming for Na7.} Nce4 21. Rdc2 Rxc2 22. Rxc2 Nxg5 23. hxg5 Nxd5 24. Bb3 Kf8 {Weighted Error Value: White=0.23 (precise) /Black=0.22 (precise)} 1/2-1/2